| 000 -LEADER |
| fixed length control field |
00930nam a2200253 a 4500 |
| 001 - CONTROL NUMBER |
| control field |
21549 |
| 003 - CONTROL NUMBER IDENTIFIER |
| control field |
BD-DhUAP |
| 005 - DATE AND TIME OF LATEST TRANSACTION |
| control field |
20220328122549.0 |
| 008 - FIXED-LENGTH DATA ELEMENTS--GENERAL INFORMATION |
| fixed length control field |
220328s2022 bg a b 000 0 eng d |
| 040 ## - CATALOGING SOURCE |
| Original cataloging agency |
BD-DhAAL |
| Transcribing agency |
BD-DhAAL |
| Modifying agency |
BD-DhAAL |
| 082 00 - DEWEY DECIMAL CLASSIFICATION NUMBER |
| Classification number |
371.3 |
| Edition number |
23 |
| 100 ## - MAIN ENTRY--PERSONAL NAME |
| Personal name |
Majed, Dr. Nehreen |
| 245 00 - TITLE STATEMENT |
| Title |
Documentation of online teaching learning experience at University of Asia Pacific/ |
| Statement of responsibility, etc. |
Dr. Nehreen Majed. |
| 260 ## - PUBLICATION, DISTRIBUTION, ETC. |
| Place of publication, distribution, etc. |
Dhaka, Bangladesh : |
| Name of publisher, distributor, etc. |
University of Asia Pacific, |
| Date of publication, distribution, etc. |
c2022. |
| 300 ## - PHYSICAL DESCRIPTION |
| Extent |
ii, 39 pages, cxxxix annexures : |
| Other physical details |
ill. ; |
| Dimensions |
27 cm. |
| 500 ## - GENERAL NOTE |
| General note |
"This report summarizes the online teaching and learning experiences at UAP. |
| 504 ## - BIBLIOGRAPHY, ETC. NOTE |
| Bibliography, etc. note |
Includes annexures A, B, and C. |
| 650 #0 - SUBJECT ADDED ENTRY--TOPICAL TERM |
| Topical term or geographic name entry element |
Blended learning |
| 650 #0 - SUBJECT ADDED ENTRY--TOPICAL TERM |
| Topical term or geographic name entry element |
COVID-19 Pandemic, 2020- |
| 710 2# - ADDED ENTRY--CORPORATE NAME |
| Corporate name or jurisdiction name as entry element |
Contributed by Members, Online Documentation Subcommittee. |
| 942 ## - ADDED ENTRY ELEMENTS (KOHA) |
| Source of classification or shelving scheme |
|
| Koha item type |
Book |